[Event "34th Chess Olympiad (women)"]
[Site "Istanbul"]
[Date "2000.10.28"]
[Round "1.30.1"]
[White "Mendes, Alves"]
[Black "Tsiganova, Monika"]
[WhiteElo "2000"]
[BlackElo "2225"]
[WhiteCountry "ANG"]
[BlackCountry "EST"]
[Result "0-1"]

1. e4 c5 2. Nf3 d6 3. Bb5+ Nc6 4. d4 cxd4 5. Nxd4 Bd7 6. Nxc6 bxc6 7. Bc4 Nf6 
8. Nc3 e6 9. Bg5 Qa5 10. O-O Qxg5 11. h3 Be7 12. Re1 O-O 13. a3 Rfe8 14. b4 d5 
15. Bd3 d4 16. Ne2 e5 17. Kh1 a5 18. Ng1 axb4 19. Nf3 Qh5 20. Be2 Nxe4 
21. Rf1 Nc3 
0-1

[Event "34th Chess Olympiad (women)"]
[Site "Istanbul"]
[Date "2000.10.28"]
[Round "1.30.2"]
[White "Fomina, Tatyana"]
[Black "Afonso, Vieira"]
[WhiteElo "2266"]
[BlackElo "2000"]
[WhiteCountry "EST"]
[BlackCountry "ANG"]
[Result "1-0"]

1. e4 e5 2. Nf3 Nc6 3. Bb5 d6 4. O-O Bd7 5. Re1 Nf6 6. c3 Be7 7. d3 h6 
8. Nbd2 O-O 9. Nf1 a6 10. Ba4 Re8 11. Ne3 Bf8 12. b4 Ne7 13. Bb3 Ng6 14. g3 Be6 
15. c4 Be7 16. Qe2 Rf8 17. Nf5 Qd7 18. N3h4 Nxh4 19. Nxh4 Nh7 20. Ng2 Kh8 
21. Be3 f5 22. c5 Bxb3 23. axb3 d5 24. exd5 Qxd5 25. d4 e4 26. Nf4 Qf7 
27. Qc4 Qxc4 28. bxc4 Rf7 29. Ne6 Bf6 30. Ra2 Nf8 31. Nxf8 Rfxf8 32. Rd1 Rfd8 
33. d5 Be5 34. Bd4 Bxd4 35. Rxd4 Rdc8 36. b5 axb5 37. cxb5 
1-0

[Event "34th Chess Olympiad (women)"]
[Site "Istanbul"]
[Date "2000.10.28"]
[Round "1.30.3"]
[White "Conceicao Venancio, Maria"]
[Black "Piarnpuu, Leili"]
[WhiteElo "2000"]
[BlackElo "2227"]
[WhiteCountry "ANG"]
[BlackCountry "EST"]
[Result "0-1"]

1. d4 e6 2. c4 f5 3. Nc3 Nf6 4. Nf3 c6 5. Bg5 d5 6. cd5 ed5 7. Qb3 Be7 
8. Rc1 O-O 9. Ne5 Nbd7 10. Nd3 Ne4 11. Be7 Qe7 12. e3 f4 13. Nd1 fe3 14. Ne3 a5 
15. Be2 a4 16. Qc2 Nf2 17. Nf2 Qe3 18. O-O Qd4 19. Bf3 Ne5 20. Qc3 Nf3+ 
21. gf3 Qc3 22. Rc3 Bf5 23. Re1 Rfe8 24. Rce3 Kf7 25. Kf1 c5 26. Re5 Re5 
27. Re5 Be6 28. Nd3 Kf6 29. f4 b6 30. a3 d4 31. Ke1 Rd8 32. Kd2 h6 33. h4 Rd5 
34. Re2 Rh5 35. Rh2 Kf5 36. Ke2 c4 37. Nb4 Kf4 38. Nc6 Ke4 39. Kd2 Bg4 
40. Rg2 Rh4 41. Ne7 Bf5 42. Nc6 g5 
0-1

[Event "34th Chess Olympiad (women)"]
[Site "Istanbul"]
[Date "2000.10.28"]
[Round "1.31.1"]
[White "Cmilyte, Viktorija"]
[Black "Mudongo, Boikhutso"]
[WhiteElo "2335"]
[BlackElo "2000"]
[WhiteCountry "LTU"]
[BlackCountry "BOT"]
[Result "1-0"]

1. d4 g6 2. c4 Nf6 3. Nc3 d6 4. e4 Bg7 5. f3 Nbd7 6. Nge2 e5 7. d5 a6 
8. Bg5 Nb6 9. b3 Bd7 10. Qd2 c6 11. dc6 Bc6 12. Rd1 Nc8 13. c5 Bf8 14. cd6 Nd6 
15. f4 h6 16. fe5 hg5 17. ed6 Nd7 18. Nd4 Rc8 19. Bc4 Ne5 20. Nc6 Rc6 
21. Bd5 Rd6 22. Qd4 Qe7 23. O-O Rh4 24. Qc5 Rd7 25. Qe7+ Re7 26. Na4 Bg7 
27. Rc1 Kf8 28. g3 Rh8 29. Rc8+ Re8 30. Bb7 Ng4 31. Rd1 Nh2 32. Rdd8 Rd8 
33. Rd8+ Ke7 34. Rh8 
1-0

[Event "34th Chess Olympiad (women)"]
[Site "Istanbul"]
[Date "2000.10.28"]
[Round "1.31.2"]
[White "Lopang, Tshepiso"]
[Black "Varniene, Rita"]
[WhiteElo "2000"]
[BlackElo "2190"]
[WhiteCountry "BOT"]
[BlackCountry "LTU"]
[Result "0-1"]

1. Nf3 d5 2. b3 Bf5 3. Bb2 e6 4. d4 Nf6 5. e3 Nbd7 6. Nh4 Bg4 7. f3 Bh5 
8. g4 Ng4 9. Ng2 Nh6 10. Nd2 Nf5 11. Qe2 Be7 12. O-O-O Bg5 13. Kb1 Qf6 
14. Qd3 Nh4 15. Nh4 Bh4 16. Bg2 O-O-O 17. Rc1 Qg5 18. Bh3 Bf2 19. f4 Qh4 
20. Bg2 Qe7 21. a3 Nf6 22. Ka2 Ng4 23. Bf3 Bh4 24. Bg4 Bg4 25. c4 Kb8 
26. a4 Bf5 27. Qc3 Qd7 28. Ba3 dc4 29. Nc4 f6 30. Qb4 Be4 31. Rhd1 Bd5 
32. Na5 Ka8 33. Nc4 g5 34. Rc3 b6 35. Rdc1 a5 36. Nb6+ cb6 37. Qb6 Qa7 
38. Qa7+ Ka7 39. Bc5+ Kb7 40. Be7 Rc8 41. Bf6 Rc3 42. Rc3 Rc8 43. Rc8 Kc8 
44. Bg5 Bg5 45. fg5 Kc7 46. Ka3 Kb6 47. h4 Bf3 48. Kb2 Kc6 49. Kc3 Kd5 
50. b4 ab4+ 51. Kb4 Be2 52. Kc3 Ke4 53. a5 Ke3 54. a6 Ba6 55. h5 Bd3 56. g6 hg6 
57. hg6 Bg6 58. Kc4 Be4 59. Kc5 Bd5 60. Kb4 Kd4 61. Ka3 
0-1

[Event "34th Chess Olympiad (women)"]
[Site "Istanbul"]
[Date "2000.10.28"]
[Round "1.31.3"]
[White "Domarkaite, Laima"]
[Black "Nakedi, Gloria"]
[WhiteElo "2187"]
[BlackElo "2000"]
[WhiteCountry "LTU"]
[BlackCountry "BOT"]
[Result "1-0"]

1. e4 e5 2. Nf3 d6 3. d4 Nf6 4. dxe5 Nxe4 5. Bc4 Be6 6. Bxe6 fxe6 7. Qe2 Nc5 
8. exd6 Qxd6 9. O-O Nbd7 10. Nc3 O-O-O 11. Nb5 Qb6 12. c4 g6 13. b4 Na4 
14. Be3 c5 15. Qc2 Qa6 16. a3 Nf6 17. Ng5 Rd7 18. Nxe6 Qxe6 19. Nxa7+ Kd8 
20. Qxa4 cxb4 21. axb4 Qxc4 22. Rfc1 Qxb4 23. Rc8+ Ke7 24. Qxb4+ Kf7 
25. Qc4+ Nd5 26. Rd1 Bg7 27. Rxh8 Bxh8 
1-0

[Event "34th Chess Olympiad (women)"]
[Site "Istanbul"]
[Date "2000.10.28"]
[Round "1.32.1"]
[White "Hind, Bahji"]
[Black "Misanovic, Vesna"]
[WhiteElo "2000"]
[BlackElo "2384"]
[WhiteCountry "MAR"]
[BlackCountry "BIH"]
[Result "0-1"]

1. d4 d5 2. e3 c5 3. c4 e6 4. Nc3 Nf6 5. Nf3 a6 6. dxc5 Bxc5 7. cxd5 exd5 
8. Bd3 O-O 9. O-O Bg4 10. h3 Bh5 11. Be2 Nc6 12. Nd4 Bg6 13. Nb3 Ba7 
14. Bf3 Nb4 15. Bd2 Bc2 16. Qc1 Rc8 17. Nd4 Bg6 18. Qd1 Bxd4 19. exd4 Nc2 
20. Rc1 Nxd4 21. Bg5 Nxf3+ 22. Qxf3 d4 23. Qxf6 gxf6 24. Nd5 Kg7 25. Nf4 Bc2 
26. f3 d3 27. Rf2 Rc4 28. g3 Rb4 29. b3 Re8 30. Rd2 a5 31. Ng2 a4 32. Ne1 axb3 
33. axb3 Rxb3 34. Nxc2 Rc3 
0-1

[Event "34th Chess Olympiad (women)"]
[Site "Istanbul"]
[Date "2000.10.28"]
[Round "1.32.2"]
[White "Titova-Boric, Elena"]
[Black "Amina, Oubaaqua"]
[WhiteElo "2207"]
[BlackElo "2000"]
[WhiteCountry "BIH"]
[BlackCountry "MAR"]
[Result "0-1"]

1. e4 c5 2. Nf3 Nc6 3. Bb5 a6 4. Bxc6 bxc6 5. Qe2 d5 6. Nc3 e6 7. O-O Nf6 
8. d3 Be7 9. Bg5 O-O 10. Ne5 Qc7 11. f4 h6 12. Bxf6 Bxf6 13. Ng4 Bd4+ 
14. Kh1 f6 15. Nd1 f5 16. exf5 exf5 17. Ne5 Re8 18. Re1 Re6 19. c3 Bxe5 
20. fxe5 d4 21. cxd4 cxd4 22. b3 c5 23. Nb2 Bb7 24. Nc4 Rg6 25. Rg1 Re6 
26. Rae1 Rf8 27. Rgf1 f4 28. Qg4 Qf7 29. Rf2 Rg6 30. Qh5 Qe6 31. Nd6 Rg5 
32. Qd1 Bd5 33. Nc4 Qh3 34. Rg1 Rh5 
0-1

[Event "34th Chess Olympiad (women)"]
[Site "Istanbul"]
[Date "2000.10.28"]
[Round "1.32.3"]
[White "Kamal, Fatima"]
[Black "Dengler, Dijana"]
[WhiteElo "2000"]
[BlackElo "2120"]
[WhiteCountry "MAR"]
[BlackCountry "BIH"]
[Result "0-1"]

1. e4 c5 2. Nf3 d6 3. d4 cxd4 4. Nxd4 Nf6 5. Nc3 a6 6. Be2 e5 7. Nf3 h6 
8. h3 Be6 9. Be3 Be7 10. Qd3 Nbd7 11. Nd2 Rc8 12. f4 Nc5 13. Bxc5 Rxc5 
14. f5 Bd7 15. Nc4 Qc7 16. O-O-O Bb5 17. Nxd6+ Bxd6 18. Qxd6 Bxe2 19. Qxc7 Rxc7 
20. Nxe2 Nxe4 21. Rhe1 Re7 22. Rd5 f6 23. Red1 Kf7 24. Rd7 Rc8 25. Rxe7+ Kxe7 
26. b3 g6 27. g4 gxf5 28. gxf5 Rg8 29. c4 Rg2 30. Re1 Ng5 31. Nf4 Rxa2 
32. Ng6+ Kf7 33. Rd1 Ra1+ 34. Kc2 Rxd1 35. Kxd1 Nxh3 36. Ke2 Nf4+ 37. Nxf4 exf4 
38. Kf3 Ke7 39. Kxf4 Kd6 40. b4 
0-1

[Event "34th Chess Olympiad (women)"]
[Site "Istanbul"]
[Date "2000.10.28"]
[Round "1.33.1"]
[White "Fierro, Martha"]
[Black "Tan, Winnie"]
[WhiteElo "2338"]
[BlackElo "2000"]
[WhiteCountry "ECU"]
[BlackCountry "SIN"]
[Result "1-0"]

1. d4 d5 2. Nf3 Nf6 3. Bf4 Bf5 4. e3 e6 5. Bd3 Bg6 6. Ne5 c5 7. c3 Bxd3 
8. Qxd3 c4 9. Qc2 b5 10. Nd2 Be7 11. h3 O-O 12. O-O Qb6 13. Bg5 a5 14. f4 b4 
15. f5 Ra7 16. Bxf6 gxf6 17. Ng4 e5 18. dxe5 h5 19. Nxf6+ Bxf6 20. exf6 Qxe3+ 
21. Kh1 bxc3 22. bxc3 Qg5 23. Nf3 Qxf6 24. Qf2 Re7 25. Qc5 Rfe8 26. Nd4 Re5 
27. Qxa5 Kh7 28. Qa4 Na6 29. Qd1 Kh6 30. Qd2+ Kg7 31. Qd1 h4 32. Qg4+ Kf8 
33. Ne6+ Ke7 34. Nf4 Kd6 35. Rab1 Kc7 36. Rb5 Kc6 37. a4 Nc5 38. Nh5 Qd6 
39. Qh4 Na4 40. Ra5 Nc5 41. Rfa1 Qe7 42. Qe7 R8e7 43. Ra7 Ra7 44. Ra7 Rf5 
45. Ng3 Rf2 46. h4 Rf4 47. Kg1 Ne4 48. Ne4 Re4 49. h5 d4 50. cd4 Rd4 51. Rf7 c3 
52. Rf3 Rc4 53. Rf1 Kb5 54. Rc1 Kb4 55. Kf2 Kb3 56. Kf3 Kb2 57. Re1 c2 
58. g4 c1Q 59. Rc1 Rc1 60. h6 Rf1+ 61. Ke4 Rf7 62. g5 Rh7 63. Kf5 Kc3 
64. Kg6 Ra7 65. h7 Ra6+ 66. Kg7 Ra7+ 67. Kh6 Ra8 68. g6 Kd4 69. g7 Ra6+ 70. Kg5 
1-0

[Event "34th Chess Olympiad (women)"]
[Site "Istanbul"]
[Date "2000.10.28"]
[Round "1.33.2"]
[White "Rolles, May"]
[Black "Moncayo, Evelyn"]
[WhiteElo "2000"]
[BlackElo "2135"]
[WhiteCountry "SIN"]
[BlackCountry "ECU"]
[Result "0-1"]

1. d4 d5 2. c4 e6 3. Nc3 c6 4. Nf3 f5 5. Bg5 Nf6 6. e3 Be7 7. cd5 ed5 
8. Bf6 Bf6 9. Be2 Qe7 10. 0-0 O-O 11. Qd3 Na6 12. a3 Nc7 13. Rac1 Ne8 
14. Rfe1 Nd6 15. Bd1 Bd7 16. Bb3 Kh8 17. Ba2 g5 18. b4 Be8 19. Nd2 Bg6 
0-1

[Event "34th Chess Olympiad (women)"]
[Site "Istanbul"]
[Date "2000.10.28"]
[Round "1.33.3"]
[White "Vasquez, Rocio"]
[Black "Liu, Yang"]
[WhiteElo "2235"]
[BlackElo "2000"]
[WhiteCountry "ECU"]
[BlackCountry "SIN"]
[Result "1-0"]

1. e4 e5 2. Nf3 Nc6 3. Bb5 a6 4. Ba4 Nf6 5. O-O d6 6. Re1 Bg4 7. c3 g6 
8. h3 Bd7 9. d4 b5 10. Bb3 Bg7 11. Bd5 Rb8 12. Bxc6 Bxc6 13. dxe5 dxe5 
14. Qxd8+ Rxd8 15. Nxe5 Bb7 16. f3 h5 17. a4 c6 18. Be3 O-O 19. Bb6 Rb8 
20. Na3 Ba8 21. a5 Rfe8 22. Nd3 Nd7 23. Bd4 Bh6 24. Rad1 Rbd8 25. Nc5 Bf8 
26. Nxa6 Bb7 27. Nc7 Re7 28. a6 Ba8 29. Bf6 
1-0

[Event "34th Chess Olympiad (women)"]
[Site "Istanbul"]
[Date "2000.10.28"]
[Round "1.34.1"]
[White "Villegas, Meylin"]
[Black "Geldyeva, Mexnri"]
[WhiteElo "2000"]
[BlackElo "2283"]
[WhiteCountry "CRC"]
[BlackCountry "TKM"]
[Result "0-1"]

1. d4 d5 2. c4 dc4 3. Nc3 Nf6 4. e3 e6 5. Bc4 c5 6. Nf3 a6 7. a4 b6 8. O-O Bb7 
9. Qe2 Nbd7 10. Rd1 Qb8 11. b3 Bd6 12. h3 O-O 13. Bb2 cd4 14. Nd4 Ne5 
15. Rac1 Bc5 16. Nb1 Nc4 17. bc4 Qe5 18. Nd2 Rad8 19. N2f3 Qh5 20. Ra1 a5 
21. Nb5 Ne4 22. Nfd4 Qg6 23. Qg4 Qh6 24. Rac1 Nf6 25. Qg3 Be4 26. Qf4 Qh5 
27. Nf3 Bf3 28. Qf3 Qf3 29. gf3 Nh5 30. f4 f6 31. Nc7 Kf7 32. Kf1 g6 
33. Ke2 Ng7 34. Nb5 Nf5 35. Ba1 h6 36. Bb2 g5 37. fg5 hg5 38. Rd8 Rd8 
39. Bc3 Rh8 40. Rh1 g4 41. h4 g3 42. Kf3 gf2 43. Bd4 Rh4 
0-1

[Event "34th Chess Olympiad (women)"]
[Site "Istanbul"]
[Date "2000.10.28"]
[Round "1.34.2"]
[White "Atbashieva, Guldjahan"]
[Black "Murioz, Carolina"]
[WhiteElo "2243"]
[BlackElo "2000"]
[WhiteCountry "TKM"]
[BlackCountry "CRC"]
[Result "1-0"]

1. c4 c5 2. Nc3 Nc6 3. g3 g6 4. Bg2 Bg7 5. Nf3 Nf6 6. e4 d6 7. d3 h6 8. h3 O-O 
9. O-O a6 10. Be3 e5 11. Kh2 Rb8 12. a4 Be6 13. Bd2 Ne8 14. Nh4 Kh7 15. Nd5 b5 
16. axb5 axb5 17. cxb5 Rxb5 18. Qa4 Rb6 19. Nxb6 Qxb6 20. Rfb1 Qc7 
1-0

[Event "34th Chess Olympiad (women)"]
[Site "Istanbul"]
[Date "2000.10.28"]
[Round "1.34.3"]
[White "Ramirez, Karla"]
[Black "Ovezova, Maisa"]
[WhiteElo "2000"]
[BlackElo "2174"]
[WhiteCountry "CRC"]
[BlackCountry "TKM"]
[Result "0-1"]

1. e4 c6 2. d4 d5 3. Nc3 de4 4. Ne4 Nf6 5. Ng3 e6 6. Nf3 Nfd7 7. Bd3 c5 
8. dc5 Bc5 9. O-O b6 10. Ne4 O-O 11. Bf4 Bb7 12. Nc5 Nc5 13. Be2 Ne4 
14. Ne5 Qf6 15. Qc1 g5 16. Bg5 Qg5 17. Qg5+ Ng5 18. f3 f6 19. Ng4 h5 
20. Ne3 Rd8 21. Rad1 Ba6 22. Ba6 Na6 23. h4 Nf7 24. Kf2 Rd1 25. Rd1 Rd8 
26. Rd8+ Nd8 27. c3 Nc5 28. Nd1 Nc6 29. g4 hg4 30. fg4 Ne5 31. Kg3 Ncd3 
32. a4 a5 33. b3 Nc5 34. g5 fg5 35. hg5 Nb3 36. Kf4 Nd3+ 37. Ke4 Nbc5+ 
38. Kd4 Kf7 39. Ne3 Nb2 40. Ke5 Nba4 41. c4 Kg6 42. Ng2 Kg5 43. Nf4 Nb2 
44. Ne6+ Ne6 45. Ke6 a4 
0-1

[Event "34th Chess Olympiad (women)"]
[Site "Istanbul"]
[Date "2000.10.28"]
[Round "1.35.1"]
[White "Licina, Anita"]
[Black "Mak, Sharon"]
[WhiteElo "2200"]
[BlackElo "2000"]
[WhiteCountry "SLO"]
[BlackCountry "MAC"]
[Result "1-0"]

1. e4 e5 2. Nf3 d6 3. d4 Nc6 4. Bb5 Bd7 5. O-O Nf6 6. Nc3 Be7 7. Re1 O-O 
8. h3 a6 9. Bxc6 Bxc6 10. dxe5 dxe5 11. Qxd8 Raxd8 12. Nxe5 Rfe8 13. Nxc6 bxc6 
14. a3 Bd6 15. f3 Nh5 16. Be3 h6 17. Rad1 Bg3 18. Rxd8 Rxd8 19. Rd1 Rxd1+ 
20. Nxd1 g5 21. Nf2 Be5 22. Nd3 Bd6 23. Nc5 Be5 24. c3 a5 25. Nb3 a4 
26. Nc5 Kf8 27. Nd7+ Ke7 28. Nxe5 
1-0

[Event "34th Chess Olympiad (women)"]
[Site "Istanbul"]
[Date "2000.10.28"]
[Round "1.35.2"]
[White "Choi, Kuan"]
[Black "Mihevc Mohr, Narcisa"]
[WhiteElo "2000"]
[BlackElo "2170"]
[WhiteCountry "MAC"]
[BlackCountry "SLO"]
[Result "0-1"]

1. e4 c5 2. Nc3 Nc6 3. Nf3 e6 4. Bc4 a6 5. O-O b5 6. Be2 Qc7 7. d4 cd4 
8. Nd4 Nf6 9. a3 Bb7 10. f4 Nd4 11. Qd4 Bc5 12. Be3 Bd4 13. Bd4 Ne4 14. Bg7 Rg8 
15. Be5 Qc5+ 16. Kh1 Nf2+ 17. Kg1 Rg2# 
0-1

[Event "34th Chess Olympiad (women)"]
[Site "Istanbul"]
[Date "2000.10.28"]
[Round "1.35.3"]
[White "Krivec, Jana"]
[Black "Dylis Ma, Pui"]
[WhiteElo "2199"]
[BlackElo "2000"]
[WhiteCountry "SLO"]
[BlackCountry "MAC"]
[Result "1-0"]

1. e4 e5 2. Nc3 Nf6 3. g3 d6 4. Bg2 Nc6 5. Nge2 Be6 6. d4 d5 7. dxe5 Nxe5 
8. Nxd5 c6 9. Ndc3 Bd6 10. O-O O-O 11. Kh1 Qe7 12. f4 Nfg4 13. fxe5 Bxe5 
14. Nf4 Rfd8 15. Qf3 Bc4 16. Nd3 Nf6 17. Bf4 Nd7 18. Rfe1 Re8 19. Nxe5 Nxe5 
20. Bxe5 Qxe5 21. Rad1 Rad8 22. Qf4 f6 23. Qxe5 fxe5 24. Bh3 Bf7 25. Bd7 Re7 
26. Be6 Rde8 27. Bxf7+ 
1-0

[Event "34th Chess Olympiad (women)"]
[Site "Istanbul"]
[Date "2000.10.28"]
[Round "1.36.1"]
[White "Pacheco, Hilzandryly"]
[Black "Khegai, Angela"]
[WhiteElo "2000"]
[BlackElo "2234"]
[WhiteCountry "PUR"]
[BlackCountry "UZB"]
[Result "0-1"]

1. d4 Nf6 2. Nf3 g6 3. e3 Bg7 4. Bd3 O-O 5. O-O d6 6. b3 c6 7. Bb2 Nbd7 
8. Nbd2 Qc7 9. c4 e5 10. Qc2 Re8 11. Ng5 Nf8 12. Rfd1 h6 13. Nge4 Nxe4 
14. Bxe4 f5 15. Bf3 e4 16. Be2 Be6 17. Rac1 Bf7 18. d5 c5 19. Kh1 Qe7 
20. Bxg7 Kxg7 21. g4 Nd7 22. gxf5 gxf5 23. Rg1+ Kh7 24. Rg2 Rg8 25. Rcg1 Rxg2 
26. Rxg2 Rg8 27. Rxg8 Kxg8 28. Qd1 Qg5 29. Qg1 Kg7 30. f4 f3 31. Nxf3 Qxg1+ 
32. Kxg1 Kf6 33. Kf2 b5 34. Nd2 b4 35. Nb1 a5 36. a3 Bg6 37. Bd3 Ne5 
0-1

[Event "34th Chess Olympiad (women)"]
[Site "Istanbul"]
[Date "2000.10.28"]
[Round "1.36.2"]
[White "Khamrakulova, Iroda"]
[Black "Martinez, Natiska"]
[WhiteElo "2177"]
[BlackElo "2000"]
[WhiteCountry "UZB"]
[BlackCountry "PUR"]
[Result "1-0"]

1. e4 e5 2. Nf3 Nc6 3. d4 exd4 4. Nxd4 Bb4+ 5. c3 Ba5 6. Bc4 Nge7 7. Bg5 Ne5 
8. Nf5 N5g6 9. Nxg7+ Kf8 10. Nf5 h5 11. Bh6+ Kg8 12. Bg5 Rh7 13. Nd2 d6 
14. Nh6+ Kf8 15. Qxh5 Bb6 16. O-O-O Qe8 17. Qe2 Bd7 18. Rdf1 Rc8 19. Ng4 Bxg4 
20. Qxg4 Ne5 21. Qe2 c6 22. f4 Nxc4 23. Nxc4 Bc7 24. Ne3 Bd8 25. Qd3 Qd7 
26. e5 Rh8 27. Qxd6 Qxd6 28. exd6 Ng6 29. h4 Kg8 30. Nf5 Kh7 31. d7 Rc7 
32. h5 Nxf4 33. Bxf4 Rxd7 34. Rd1 Rxd1+ 35. Rxd1 Rg8 36. Rd7 
1-0

[Event "34th Chess Olympiad (women)"]
[Site "Istanbul"]
[Date "2000.10.28"]
[Round "1.36.3"]
[White "Basem-Hassan, Mirian"]
[Black "Levushkina, E"]
[WhiteElo "2000"]
[BlackElo "2103"]
[WhiteCountry "PUR"]
[BlackCountry "UZB"]
[Result "0-1"]

1. e4 e5 2. Nc3 Nf6 3. Bc4 Nc6 4. d3 Na5 5. f4 Nxc4 6. dxc4 Bb4 7. Qf3 Qe7 
8. Nge2 exf4 9. Bd2 d6 10. Nd5 Nxd5 11. exd5 Bxd2+ 12. Kxd2 Qf6 13. Qe4+ Qe5 
14. Nc3 Qxe4 15. Nxe4 Bf5 16. Rae1 Kd7 17. Rhf1 Bxe4 18. Rxe4 g5 19. Ree1 Rae8 
20. Rxe8 Rxe8 21. Kd3 f5 22. b4 b6 23. a4 g4 24. c5 bxc5 25. bxc5 dxc5 
26. h3 f3 27. Ke3 fxg2+ 28. Rh1 
0-1

[Event "34th Chess Olympiad (women)"]
[Site "Istanbul"]
[Date "2000.10.28"]
[Round "1.37.1"]
[White "Berezina, Irina"]
[Black "Smith, Vivian"]
[WhiteElo "2304"]
[BlackElo "2000"]
[WhiteCountry "AUS"]
[BlackCountry "NZL"]
[Result "1-0"]

1. d4 Nf6 2. c4 c5 3. d5 b5 4. cb5 a6 5. ba6 Ba6 6. Nc3 g6 7. e4 Bf1 8. Kf1 d6 
9. Nf3 Bg7 10. g3 O-O 11. h3 Nbd7 12. Kg2 Qa5 13. Re1 Rfb8 14. Re2 Ra7 
15. Qc2 Ne8 16. Bd2 Qb4 17. Rb1 Qa5 18. b3 Qa6 19. h4 Nc7 20. h5 Nb5 
21. Nb5 Qb5 22. Bg5 Ne5 23. Ne5 Be5 24. hg6 hg6 25. Rh1 Rba8 26. a4 Qb7 
27. Qc4 Rb8 28. Re3 Qc7 29. Qe2 Rab7 30. Qg4 Rb3 31. Rb3 Rb3 32. Qh4 Kf8 
33. Qh7 c4 34. Bh6+ Ke8 35. Qg8+ Kd7 36. Qf7 Kc8 37. Qg6 c3 38. Qe8+ Kb7 
39. a5 Qa5 40. Qe7+ Qc7 41. Qc7+ Kc7 42. Bc1 c2 43. f4 Bd4 44. g4 Rb1 
45. g5 Kd7 46. f5 Ke8 47. f6 Kf8 48. Bf4 Be5 49. Bc1 Kg8 50. Rf1 Kf7 
51. Kf2 Rb4 52. Kf3 Rb1 53. Ke2 Rb4 54. Kd3 Rd4+ 55. Kc2 Re4 56. Rh1 Rg4 
57. Rh7+ Kf8 58. Rd7 Rc4+ 59. Kb1 Rb4+ 60. Ka2 Rg4 61. Kb3 Rg1 62. Ba3 Rg3+ 
63. Ka4 Bf4 64. Rg7 Be5 65. Re7 Bf4 66. Re4 Ra3+ 67. Ka3 Bg5 68. Re6 Bf4 
69. Kb4 Kf7 70. Kb5 Be5 71. Kc6 
1-0

[Event "34th Chess Olympiad (women)"]
[Site "Istanbul"]
[Date "2000.10.28"]
[Round "1.37.2"]
[White "Mikhailik, Eleonora"]
[Black "Phan-Koshnitsky, Ngan"]
[WhiteElo "2000"]
[BlackElo "2157"]
[WhiteCountry "NZL"]
[BlackCountry "AUS"]
[Result "0-1"]

1. e4 c5 2. Nc3 Nc6 3. g3 g6 4. Bg2 Bg7 5. Nge2 e6 6. d3 Nge7 7. f4 d5 8. e5 a6 
9. Bd2 b5 10. a3 Qb6 11. Na2 O-O 12. Qc1 Bb7 13. Be3 d4 14. Bf2 Ne5 
0-1

[Event "34th Chess Olympiad (women)"]
[Site "Istanbul"]
[Date "2000.10.28"]
[Round "1.37.3"]
[White "Moylan, Laura"]
[Black "Courtney, Helen"]
[WhiteElo "2076"]
[BlackElo "2000"]
[WhiteCountry "AUS"]
[BlackCountry "NZL"]
[Result "1-0"]

1. e4 e6 2. d3 d5 3. Nd2 de4 4. de4 Nc6 5. Ngf3 Bc5 6. c3 a6 7. a4 Nf6 
8. Bc4 O-O 9. b4 Bd6 10. O-O Ne5 11. Ne5 Be5 12. Qc2 c6 13. f4 Bc7 14. Nf3 b5 
15. ab5 cb5 16. Bb5 Bb7 17. Bd3 h6 18. Qe2 Bb6+ 19. Kh1 Qc8 20. c4 Qc6 
21. Ne5 Qc8 22. Bb2 Bd8 23. c5 a5 24. c6 Ba6 25. b5 Bb7 26. cb7 Qb7 27. Nc6 Ne8 
28. Nd8 Rd8 29. Ba3 Nd6 30. e5 Rd7 31. Bd6 Rc8 32. Qe4 
1-0

[Event "34th Chess Olympiad (women)"]
[Site "Istanbul"]
[Date "2000.10.28"]
[Round "1.38.1"]
[White "Hassan, Amina"]
[Black "Agrest, Svetlana"]
[WhiteElo "2000"]
[BlackElo "2210"]
[WhiteCountry "UAE"]
[BlackCountry "SWE"]
[Result "1/2-1/2"]

1. e4 c6 2. d4 d5 3. ed5 cd5 4. Nf3 Nc6 5. Bd3 Bg4 6. c3 Nf6 7. h3 Bh5 
8. O-O e6 9. Bg5 Be7 10. Nbd2 Bg6 11. Qe2 Qc7 12. Rfe1 a6 13. Ne5 Ne5 
14. de5 Nh5 15. Bg6 hg6 16. Be7 Qe7 17. Qe3 g5 18. g3 g6 19. Kg2 Ng7 
20. Nf3 Nf5 21. Qg5 Rh5 22. Qe7+ Ne7 23. g4 Rh6 24. Rad1 Nc6 25. Nd4 Na5 
26. Rd3 Rc8 27. Nc2 Ke7 28. Ne3 Rch8 29. Rh1 g5 30. Nd1 Nc4 31. Re1 Nb6 
32. b3 Nd7 33. Ree3 b5 34. Nb2 Rc8 35. Rd4 Nc5 36. c4 dc4 37. bc4 b4 38. Nd3 a5 
39. f4 gf4 40. Nf4 Na4 41. Rf3 Rh7 42. Kg3 Nc3 
1/2-1/2

[Event "34th Chess Olympiad (women)"]
[Site "Istanbul"]
[Date "2000.10.28"]
[Round "1.38.2"]
[White "Buervenich, Silvia"]
[Black "Hussain, Noora"]
[WhiteElo "2201"]
[BlackElo "2000"]
[WhiteCountry "SWE"]
[BlackCountry "UAE"]
[Result "1-0"]

1. e4 e5 2. Nf3 Nc6 3. Bb5 Nge7 4. O-O g6 5. d4 exd4 6. Nxd4 Bg7 7. Be3 O-O 
8. Nc3 a6 9. Nxc6 Nxc6 10. Bxc6 bxc6 11. Bd4 d6 12. f4 f5 13. Bxg7 Kxg7 
14. Qd4+ Qf6 15. e5 dxe5 16. fxe5 Qe7 17. Na4 Rd8 18. Qc3 Rb8 19. Rad1 Rd5 
20. e6+ Kg8 21. Qxc6 Re5 22. Rfe1 Rxe6 23. Rxe6 Bxe6 24. Qxa6 Bf7 25. Qd3 Be8 
26. b3 Bxa4 27. Qc4+ Kf8 28. Qxa4 Qe3+ 29. Kh1 Qe2 30. Qd4 Kf7 31. Qd2 Re8 
32. h3 Qxd2 33. Rxd2 Re1+ 34. Kh2 Ke7 35. Kg3 Ra1 36. a4 c5 37. Rd5 c4 
38. Rc5 cxb3 39. cxb3 Ra3 40. Rb5 Kd6 41. Kf4 Ra2 42. g4 fxg4 43. hxg4 Kc6 
44. g5 Rh2 45. Ke5 Rf2 46. Ke6 Rf3 47. Rb4 Rf5 48. Rg4 Rf3 49. b4 Kb6 
50. Rd4 Rf5 51. a5+ Ka6 52. Rd6+ Ka7 53. Rd5 Rf4 54. b5 Ra4 55. Rd7+ 
1-0

[Event "34th Chess Olympiad (women)"]
[Site "Istanbul"]
[Date "2000.10.28"]
[Round "1.38.3"]
[White "Hassan, Jawaher"]
[Black "Johansson, Victoria"]
[WhiteElo "2000"]
[BlackElo "2152"]
[WhiteCountry "UAE"]
[BlackCountry "SWE"]
[Result "1/2-1/2"]

1. e4 c6 2. d4 d5 3. ed5 cd5 4. Nf3 Nc6 5. Bd3 Bg4 6. c3 Nf6 7. h3 Bh5 
8. 0-0 e6 9. Bg5 Be7 10. Nbd2 Bg6 11. Qe2 Qc7 12. Rfe1 a6 13. Ne5 Ne5 
14. de5 Nh5 15. Bg6 hg6 16. Be7 Qe7 17. Qe3 g5 18. g3 g6 19. Kg2 Ng7 
20. Nf3 Nf5 21. Qg5 Rh5 22. Qe7+ Ne7 23. g4 Rh6 24. Rad1 Nc6 25. Nd4 Na5 
26. Rd3 Rc8 27. Nc2 Ke7 28. Ne3 Rch8 29. Rh1 g5 30. Nd1 Nc4 31. Re1 Nb6 
32. b3 Nd7 33. Ree3 b5 34. Nb2 Rc8 35. Rd4 Nc5 36. c4 dc4 37. bc4 b4 38. Nd3 a5 
39. f4 gf4 40. Rf4 Na4 41. Ref3 Rh7 42. Kg3 Nc3 43. Nc1 Rd8 44. Rf2 a4 
45. Kg2 Nd1 46. Re2 Rhh8 47. c5 Rb8 48. Rd4 Rhd8 49. Rdd2 Nc3 50. Rd8 Rd8 
51. Rb2 Rd4 52. Kf3 Nd5 53. Rc2 Rf4+ 54. Kg3 Re4 55. c6 Nc3 56. Rb2 Kd8 
57. Kf3 Rd4 58. Ke3 Rd1 59. Nd3 Rh1 60. Kd4 Rh3 61. Nb4 Kc7 62. Rf2 Kb6 
63. Rf7 Nb5+ 64. Ke4 Rc3 65. Nd3 Rc6 66. Rf2 Rc4+ 67. Kf3 Nd4+ 68. Kg3 Rc3 
69. Rd2 Nc6 70. Kh4 Rc5 71. Kg5 a3 72. Re2 Nd4 73. Rf2 Rc3 74. Nf4 Rc8 
75. Kf6 Rf8+ 76. Kg7 Rb8 77. g5 Kc6 78. Nd3 Nf5+ 79. Kf7 Kd5 80. g6 Nh6+ 
81. Kg7 Nf5+ 82. Kh7 Rb7+ 83. Kh8 Rb8+ 84. Kh7 Rb7+ 
1/2-1/2

[Event "34th Chess Olympiad (women)"]
[Site "Istanbul"]
[Date "2000.10.28"]
[Round "1.39.1"]
[White "Moser, Eva"]
[Black "Phiri, Catherine"]
[WhiteElo "2332"]
[BlackElo "2000"]
[WhiteCountry "AUT"]
[BlackCountry "ZAM"]
[Result "1-0"]

1. g3 d6 2. Bg2 Nc6 3. d4 Nf6 4. e4 e5 5. d5 Ne7 6. Bg5 Nd7 7. Nc3 a6 8. Qd2 h6
9. Be3 b5 10. Nge2 Bb7 11. O-O Nc8 12. a4 b4 13. Na2 a5 14. f4 Be7 15. c3 O-O
16. cxb4 axb4 17. Nxb4 Ncb6 18. b3 Nf6 19. h3 h5 20. f5 Nh7 21. h4 Nd7 22. Nc3
Ndf6 23. Bf3 Rc8 24. Nc6 Qd7 25. Nb5 Ba6 26. Qd3 g6 27. Be2 Kh8 28. Kh2 Rg8 29.
Bg5 Nxg5 30. hxg5 Ng4+ 31. Bxg4 hxg4 32. f6 Rg7 33. Nxe7 Rh7+ 34. Kg2 Bb7 35.
Rh1 Rh3 36. Nxc8 Qxc8 37. Rh2 Rxh2+ 38. Kxh2 Kg8 39. Kg1 Kf8 40. Qc2 Ke8 41.
Qxc7 Qxc7 42. Nxc7+ Kd7 43. Nb5 Ba6 44. Rc1 Kd8 45. b4 Bc8 46. Rxc8+ Kxc8 47.
Nxd6+ Kd7 48. Nxf7 1-0